000 00509nam a22001937a 4500
005 20251108174656.0
008 250721s2001 xx 000 0 ara d
082 1 4 _aط/273.24/طرق
245 1 0 _aطرق النفل /
250 _aط6
264 1 _aبيروت :
_bدارالمشرق،
_c2001.
300 _a26ص.
650 1 7 _aطرق النقل
650 1 7 _aتعلم
650 1 7 _aاطفال
653 _aاطفال مرحله متوسطه(6-9 سنوات)
942 _2ddc
_cBK
999 _c115151
_d115151